00747nam a22002057a 450000500170000000800410001702000150005805000190007310000210009224000440011324500830015725000110024026000600025130000270031150000720033850400390041065000270044965000280047670000370050420260114093937.0251215b mx |||||||| |||| 00| 0 spa d a970102882104aRT85bR86 20001 aRumbold, Graham.10aEthics in nursing practice.lEspañol.10aÉtica en enfermeríac / Graham Rumbold ; traducción Ma. Teresa Aguillar. a1a ed. aMéxico :bMcGraw Hill Interamericana Editores,c2000. aviii, 231 p. ;c21 cm. a1a edición en español traducida de la 3a edición en inglés. aIncluye bibliografía e índice. 72lembaÉtica médica 4aÉtica en enfermería1 aAguillar, Ma. Teresa,etraductor